US States With The Most Mexicans - Statistics

General Stats
  • This quiz has been taken 194 times
  • The average score is 12 of 15
Answer Stats
Mexicans Answer % Correct
9,395 Texas
99%
1,926 Arizona
98%
12,622 California
98%
659 New Mexico
98%
477 New York
95%
714 Florida
92%
869 Colorado
86%
629 Nevada
86%
728 Washington
85%
431 Oregon
81%
562 Georgia
80%
1,716 Illinois
76%
539 North Carolina
61%
363 Michigan
55%
333 Indiana
49%
No matching quizzes found
Score Distribution
Percent of People with Each Score
Percentile by Number Answered
Your Score History
You have not taken this quiz